5 Seconds of Summer (5SOS) - Telephone Busy - All lyrics - Statistics

General Stats
  • This quiz has been taken 64 times
  • The average score is 452 of 533
Answer Stats
Answer % Correct
a
100%
A
100%
busy
100%
I
100%
me)
100%
me?
100%
telephone
100%
you
100%
you,
100%
your
100%
kiss
98%
wanna
98%
be
96%
but
96%
Call
96%
Do
96%
do
96%
I'm
96%
it,
96%
it
96%
miss
96%
no,
96%
no)
96%
not
96%
then
96%
who
96%
is
94%
my
94%
the
94%
one
92%
spinning,
92%
with
92%
been
91%
dizzy
91%
good
91%
Good
91%
think
91%
thinking,
91%
I'll
89%
just
89%
just,
89%
so
89%
so)
89%
World
89%
Da-da-da-da
87%
Da-da-da-da-da
87%
day
87%
in
87%
It's
87%
it's
87%
okay
87%
Okay,
87%
okay,
87%
say?
87%
to
87%
change
85%
change)
85%
change,
85%
Does
85%
never
85%
Oh,
85%
oh
85%
that
85%
That
85%
heart
83%
like
83%
(Like
83%
Like
83%
love
83%
make
83%
memory
83%
next
83%
(You're
83%
You're
83%
you're
83%
about
77%
card
77%
nature
75%
says
75%
What
75%
why?
75%
She
74%
she
74%
tarot
74%
And
72%
mystic
72%
This
72%
for
70%
It'll
70%
pulled
70%
come
66%
thing
66%
those
66%
thought
66%
wrote
66%
uncomfortable)
64%
uncomfortable
64%
find
62%
things
62%
wait,
62%
who's
62%
somebody
60%
Being
58%
don't
58%
onto
58%
down
57%
leave
55%
top
55%
gonna
53%
round
53%
scar
53%
up
53%
up,
53%
We
53%
one's
51%
apart
49%
tore
49%
try
49%
Yeah,
49%
yeah,
49%
yeah
49%
ever
47%
now
47%
of
47%
won't
47%
Crawled
45%
sugarcoat
45%
Uh-huh,
45%
messed
43%
out
43%
smoke,
43%
Smoke
43%
till
43%
drink
42%
hesitate,
42%
riding
42%
Big
40%
Already
38%
treasures
38%
map
34%
woo)
32%
(Woo)
32%
restoke
30%
(Listen
26%
No matching quizzes found
Score Distribution
Percent of People with Each Score
Percentile by Number Answered
Your Score History
You have not taken this quiz